Measuring capability maturity of knowledge management implementation

IKT sektor SR a identifikácia stavu spôsobilosti implementácie procesov znalostného manažmentu. Členenie zložiek CMM (Capability maturity model) do piatich kategóriií na základe výkonnosti v implementačných procesoch.

Salvato in:
Dettagli Bibliografici
Autore principale: Miklošík, Andrej
Natura: Capitolo di libro
Lingua:inglese
Soggetti:
Tags: Aggiungi Tag
Nessun Tag, puoi essere il primo ad aggiungerne!!

MARC

LEADER 00000nla a2200000 4500
001 0192632
005 20240502083447.0
041 0 |a eng 
044 |a CZ 
245 1 0 |a Measuring capability maturity of knowledge management implementation  |c Andrej Miklošík 
520 |a IKT sektor SR a identifikácia stavu spôsobilosti implementácie procesov znalostného manažmentu. Členenie zložiek CMM (Capability maturity model) do piatich kategóriií na základe výkonnosti v implementačných procesoch. 
610 2 0 |a modely organizácie 
610 2 0 |a modely výskumu operačného 
610 2 0 |a manažment znalostný 
610 2 0 |a meranie 
610 2 0 |a technológie informačné 
610 2 0 |a technológie komunikačné 
100 1 |a Miklošík, Andrej